Größte Volksfeste Deutschlands - Statistiken

Allgemein
  • Dieses Quiz wurde 98 mal gespielt
  • Das Durchschnittsergebnis liegt bei 3 aus 23
Antwortstatistiken
Besucherzahl im Jahr Volksfest % Korrekt
7,2 Mio (2023) Oktoberfest
100%
1,8 Mio (2022) (Sommer) Hamburger Dom
30%
1,4 Mio (2022) (Winter) Hamburger Dom
30%
1,5 Mio (2023) (Frühling) Hamburger Dom
27%
4,6 Mio (2024) Canstatter Wasen
19%
4,2 Mio (2024) Cranger Kirmes
14%
1,3 Mio (2022) Gäubodenfest
10%
3,8 Mio (2023) Kieler Woche
9%
2,1 Mio (2021) Maschseefest
8%
1,8 Mio (2024) Bremer Freimarkt
6%
3,9 Mio (2022) Rheinkirmes Düsseldorf
6%
1,6 Mio (2023) Libori
5%
1,2 Mio (2022) Allerheiligenkirmes
4%
1,3 Mio (2023) Bergkirchweih
3%
1,3 Mio (2022) Kramermarkt
3%
1,2 Mio (2022) Pützchens Markt
3%
2,3 Mio (2019) (Frühling) Nürnberger Volksfest
2%
2,0 Mio (2019) (Herbst) Nürnberger Volksfest
2%
1,4 Mio (2023) Kleiner Wasen
1%
1,5 Mio (2022) Michaeliskirchweih
1%
1,2 Mio (2024) Sail Bremerhaven
1%
1,0 Mio (2022) Rosenheimer Herbstfest
0%
1,2 Mio ((2024) Sterkrader Fronleichnamskirmes
0%
Keine übereinstimmenden Quizze gefunden
Verteilung der Resultate
Anzahl Personen mit jedem Resultat
Perzentil nach korrekt beantworteten Fragen
Ihre Resultats-Entwicklung
Sie haben dieses Quiz noch nicht gespielt